[Event "Split SDZ op"]
[Site "Split"]
[Date "2012.03.22"]
[Round "6"]
[White "Zaper, Mirko"]
[Black "Peric, Davor"]
[Result "1-0"]
[WhiteElo "1981"]
[BlackElo "1882"]
[PlyCount "75"]
[EventDate "2012.03.17"]
[EventType "swiss"]
[EventRounds "9"]
[EventCountry "CRO"]
[SourceTitle "EXT 2013"]
[Source "ChessBase"]
[SourceDate "2012.11.22"]
[SourceVersion "1"]
[SourceVersionDate "2012.11.22"]
[SourceQuality "1"]

1. e4 e5 2. Bb5 Nf6 3. d3 c6 4. Ba4 Be7 5. Nc3 0-0 6. Nf3 d6 7. Bb3 Nbd7 8. 0-0 Nc5 9. h3 Be6 10. Bxe6 Nxe6 11. Ne2 Re8 12. Ng3 Qc7 13. Re1 Rad8 14. c3 Bf8 15. Qc2 h6 16. Bd2 Nf4 17. d4 Ng6 18. Rad1 d5 19. Nxe5 Nxe5 20. dxe5 Qxe5 21. f4 Qc7 22. e5 Bc5+ 23. Be3 Bxe3+ 24. Rxe3 Nh7 25. Nf5 Re6 26. Rg3 g5 27. Nd4 Re7 28. h4 Kh8 29. hxg5 hxg5 30. Rh3 f6 31. exf6 Re4 32. fxg5 Kg8 33. Nf3 Qf4 34. Qd2 Qg4 35. Rh4 Qf5 36. Rxe4 Qxe4 37. Re1 Qg4 38. Re7 1-0

[Event "Split SDZ op"]
[Site "Split"]
[Date "2012.03.20"]
[Round "4"]
[White "Zaper, Mirko"]
[Black "Andromak, Franino"]
[Result "1-0"]
[WhiteElo "1981"]
[BlackElo "1758"]
[PlyCount "59"]
[EventDate "2012.03.17"]
[EventType "swiss"]
[EventRounds "9"]
[EventCountry "CRO"]
[SourceTitle "EXT 2013"]
[Source "ChessBase"]
[SourceDate "2012.11.22"]
[SourceVersion "1"]
[SourceVersionDate "2012.11.22"]
[SourceQuality "1"]

1. e4 d5 2. exd5 Qxd5 3. Nc3 Qa5 4. d4 c6 5. Bc4 Nf6 6. Bd2 Qc7 7. Nge2 Bf5 8. Ng3 Bg6 9. 0-0 e6 10. Bb3 Be7 11. f4 Nbd7 12. f5 exf5 13. Nxf5 Bxf5 14. Rxf5 0-0 15. Qf3 g6 16. Rf4 Kg7 17. Rf1 a5 18. a4 h5 19. Ne4 Qd8 20. Ng5 Bd6 21. Bxf7 Rxf7 22. Ne6+ Kg8 23. Nxd8 Rxd8 24. Re4 Rdf8 25. Re6 Bxh2+ 26. Kh1 Ng4 27. Rxg6+ Rg7 28. Qb3+ Kh7 29. Rxf8 Rxg6 30. Qf7+ 1-0

[Event "Split SDZ op"]
[Site "Split"]
[Date "2012.03.18"]
[Round "2"]
[White "Zaper, Mirko"]
[Black "Sale, Srdjan"]
[Result "0-1"]
[WhiteElo "1981"]
[BlackElo "2384"]
[PlyCount "106"]
[EventDate "2012.03.17"]
[EventType "swiss"]
[EventRounds "9"]
[EventCountry "CRO"]
[SourceTitle "EXT 2013"]
[Source "ChessBase"]
[SourceDate "2012.11.22"]
[SourceVersion "1"]
[SourceVersionDate "2012.11.22"]
[SourceQuality "1"]

1. e4 c5 2. Nc3 Nc6 3. g3 g6 4. Bg2 Bg7 5. Nge2 d6 6. d3 e6 7. 0-0 Nge7 8. Be3 Nd4 9. Qd2 Qa5 10. Rfe1 Nec6 11. Rac1 h5 12. h4 Rb8 13. a3 b5 14. Nd1 Qc7 15. Ra1 a5 16. Nc1 b4 17. c3 bxc3 18. bxc3 Nb5 19. a4 Nba7 20. Ra2 Ne5 21. Bf4 Nac6 22. Rb2 Ba6 23. Rxb8+ Qxb8 24. Re2 0-0 25. Nb2 Kh7 26. Kh1 Rd8 27. Qc2 Rd7 28. Rd2 Rb7 29. Kg1 Ng4 30. Bh1 e5 31. Bg5 f6 32. Be3 Nxe3 33. fxe3 Bh6 34. Nd1 Rb1 35. Re2 Ne7 36. Rf2 Kg7 37. Bg2 c4 38. d4 Bc8 39. Rf1 Bg4 40. Bf3 Be6 41. Kg2 d5 42. Rf2 Ra1 43. Na2 Qb3 44. Qb2 Rb1 45. Qxb1 Qxb1 46. Rb2 Qa1 47. exd5 Bxd5 48. e4 Bf7 49. d5 Nc8 50. Kf2 Nd6 51. Ke2 f5 52. exf5 gxf5 53. Bg2 e4 0-1

[Event "Split op 4th"]
[Site "Split"]
[Date "2010.05.09"]
[Round "9"]
[White "Susovic, Hrvoje"]
[Black "Zaper, Mirko"]
[Result "1-0"]
[WhiteElo "2003"]
[BlackElo "1988"]
[PlyCount "70"]
[EventDate "2010.04.30"]
[EventType "swiss"]
[EventRounds "9"]
[EventCountry "CRO"]
[SourceTitle "EXT 2011"]
[Source "ChessBase"]
[SourceDate "2010.11.26"]
[SourceVersion "1"]
[SourceVersionDate "2010.11.26"]
[SourceQuality "1"]

1. e4 c5 2. Nf3 Nc6 3. Nc3 e6 4. d4 cxd4 5. Nxd4 Nf6 6. Nxc6 bxc6 7. e5 Nd5 8. Ne4 a5 9. c4 Nb4 10. a3 Qh4 11. g4 f5 12. exf6 gxf6 13. axb4 Bxb4+ 14. Bd2 Be7 15. Rxa5 Rxa5 16. Bxa5 d5 17. Ng3 0-0 18. cxd5 exd5 19. Be2 Bc5 20. 0-0 f5 21. gxf5 Bxf5 22. Bf3 Bc8 23. Bxd5+ cxd5 24. Qxd5+ Rf7 25. Qxc5 Bb7 26. f3 h5 27. Bc3 Qf4 28. Qe5 Qh6 29. Qb8+ Rf8 30. Qxb7 Rf7 31. Qc8+ Rf8 32. Qc4+ Rf7 33. Re1 Qb6+ 34. Kg2 Qb7 35. Re8+ Kh7 1-0

[Event "Split op 4th"]
[Site "Split"]
[Date "2010.05.06"]
[Round "7"]
[White "Horvat, Sasa"]
[Black "Zaper, Mirko"]
[Result "1/2-1/2"]
[WhiteElo "2185"]
[BlackElo "1988"]
[PlyCount "149"]
[EventDate "2010.04.30"]
[EventType "swiss"]
[EventRounds "9"]
[EventCountry "CRO"]
[SourceTitle "EXT 2011"]
[Source "ChessBase"]
[SourceDate "2010.11.26"]
[SourceVersion "1"]
[SourceVersionDate "2010.11.26"]
[SourceQuality "1"]

1. e4 c5 2. Nf3 d6 3. d4 cxd4 4. Nxd4 Nf6 5. Nc3 g6 6. Be2 Bg7 7. 0-0 Nc6 8. Nb3 0-0 9. Bg5 Be6 10. f4 Rc8 11. Bf3 Re8 12. Kh1 Na5 13. Nd4 Nc4 14. f5 Bd7 15. Rb1 Qb6 16. Nce2 h6 17. Bc1 g5 18. g3 Bc6 19. Nxc6 bxc6 20. Qd3 Ne5 21. Qa3 Nc4 22. Qb3 Qa6 23. Qd3 Nd7 24. Nc3 Nc5 25. Qd1 Bxc3 26. bxc3 Qxa2 27. Rb4 a5 28. h4 axb4 29. cxb4 Nd7 30. hxg5 hxg5 31. Bxg5 Kg7 32. Bh5 Nce5 33. Bh6+ Kh7 34. Qd2 Rg8 35. Rf4 Nf6 36. Rh4 Qa1+ 37. Kg2 Nxh5 38. Rxh5 Rxg3+ 39. Kxg3 Qg1+ 40. Qg2 Qxg2+ 41. Kxg2 Kg8 42. Bd2 f6 43. Rh3 Nc4 44. Bh6 Kf7 45. Rc3 Ne5 46. Bf4 Nd7 47. Kf2 c5 48. b5 Ra8 49. Re3 Ra4 50. c3 Nb6 51. Re1 Ra2+ 52. Re2 Ra3 53. Rc2 Rb3 54. c4 Rb4 55. Bd2 Rxc4 56. Rxc4 Nxc4 57. Bc3 Ke8 58. Ke2 Kd7 59. Kd3 Na3 60. b6 Nb5 61. b7 Kc7 62. Ba5+ Kxb7 63. Bd8 Nc7 64. Bxe7 Ne8 65. Kc4 Kc6 66. Bf8 Nc7 67. Bg7 d5+ 68. exd5+ Nxd5 69. Kd3 Ne7 70. Bxf6 Nxf5 71. Kc2 Kd5 72. Bh8 Kc4 73. Be5 Ne3+ 74. Kd2 Nf5 75. Kc2 1/2-1/2

[Event "Split op 4th"]
[Site "Split"]
[Date "2010.05.05"]
[Round "6"]
[White "Zaper, Mirko"]
[Black "Zaja, Stjepan"]
[Result "1-0"]
[WhiteElo "1988"]
[BlackElo "1791"]
[PlyCount "89"]
[EventDate "2010.04.30"]
[EventType "swiss"]
[EventRounds "9"]
[EventCountry "CRO"]
[SourceTitle "EXT 2011"]
[Source "ChessBase"]
[SourceDate "2010.11.26"]
[SourceVersion "1"]
[SourceVersionDate "2010.11.26"]
[SourceQuality "1"]

1. e4 c5 2. Nf3 d6 3. d4 cxd4 4. Nxd4 Nf6 5. Nc3 a6 6. Be3 Ng4 7. Bc1 e5 8. Nf5 Bxf5 9. exf5 Nf6 10. Bg5 Be7 11. Qf3 Qb6 12. 0-0-0 Nbd7 13. Be3 Qc7 14. Kb1 Rc8 15. g4 h6 16. h4 Qc6 17. Qxc6 Rxc6 18. Bg2 Nxg4 19. Bxc6 bxc6 20. Ba7 d5 21. Rdg1 Ngf6 22. Rxg7 d4 23. Ne2 c5 24. b4 Nd5 25. bxc5 Bxc5 26. Bxc5 Nxc5 27. Rhg1 Ke7 28. Rg8 Rh7 29. f4 d3 30. cxd3 Nxd3 31. fxe5 Nxe5 32. Nd4 Kd6 33. Rd8+ Nd7 34. Kb2 f6 35. Ne6 Ke5 36. Ng7 N7b6 37. Kb3 a5 38. a4 Ne3 39. Re8+ Kf4 40. Nh5+ Kf3 41. Rg3+ Kf2 42. Rgxe3 Rb7 43. R3e7 Nd7+ 44. Ka2 Rc7 45. Rd8 1-0

[Event "Stobrec op"]
[Site "Stobrec"]
[Date "2008.07.29"]
[Round "3"]
[White "Cokaric, Andjelko"]
[Black "Zaper, Mirko"]
[Result "0-1"]
[WhiteElo "1781"]
[BlackElo "2045"]
[PlyCount "38"]
[EventDate "2008.07.26"]
[EventType "swiss"]
[EventRounds "7"]
[EventCountry "CRO"]
[SourceTitle "EXT 2009"]
[Source "ChessBase"]
[SourceDate "2008.11.26"]
[SourceVersion "1"]
[SourceVersionDate "2008.11.26"]
[SourceQuality "1"]

1. Nf3 c5 2. c4 Nc6 3. Nc3 Nf6 4. g3 g6 5. Bg2 Bg7 6. a3 0-0 7. 0-0 d5 8. cxd5 Nxd5 9. Qc2 Nxc3 10. dxc3 Qc7 11. Rd1 Bd7 12. Bd2 c4 13. Be3 Bf5 14. Qc1 Na5 15. Nd2 h6 16. f4 Rad8 17. Ra2 Qd7 18. Re1 b6 19. Be4 Qe6 0-1

[Event "Stobrec op"]
[Site "Stobrec"]
[Date "2008.07.26"]
[Round "1"]
[White "Milicic, Djuro"]
[Black "Zaper, Mirko"]
[Result "0-1"]
[WhiteElo "1450"]
[BlackElo "2045"]
[PlyCount "114"]
[EventDate "2008.07.26"]
[EventType "swiss"]
[EventRounds "7"]
[EventCountry "CRO"]
[SourceTitle "EXT 2009"]
[Source "ChessBase"]
[SourceDate "2008.11.26"]
[SourceVersion "1"]
[SourceVersionDate "2008.11.26"]
[SourceQuality "1"]

1. d4 d5 2. Nf3 Bf5 3. Nc3 Nf6 4. Bg5 Nbd7 5. e3 Ne4 6. Bb5 Nxg5 7. Nxg5 e5 8. Nf3 c6 9. Ba4 Bd6 10. Ne2 Bg6 11. c3 0-0 12. Bc2 Bxc2 13. Qxc2 f5 14. Ng3 e4 15. Nd2 f4 16. Ngf1 c5 17. Qb3 Nb6 18. dxc5 fxe3 19. Nxe3 Bxc5 20. 0-0 Kh8 21. Rad1 Bxe3 22. fxe3 Qg5 23. Rxf8+ Rxf8 24. Re1 Nd7 25. Qb5 Ne5 26. Qc5 Rg8 27. Rf1 Ng4 28. Rf4 b6 29. Qd4 Nf6 30. Nf1 Rf8 31. Ng3 h6 32. Qb4 Re8 33. a4 Kh7 34. Qd6 Qe5 35. Qb4 Qc7 36. h3 Qc5 37. Qd4 Qxd4 38. cxd4 Rc8 39. Rf2 Rc4 40. Nf5 Rxa4 41. Rc2 Rc4 42. Re2 Kg6 43. Nd6 Rc1+ 44. Kh2 a6 45. b4 Rc6 46. Nb7 Rc4 47. Rb2 Rc3 48. Re2 Ne8 49. Nd8 Nd6 50. Kg3 Kf6 51. Rf2+ Ke7 52. Kf4 Kxd8 53. Ke5 Ne8 54. Kxd5 Nf6+ 55. Kd6 Rb3 56. Ra2 Kc8 57. Rc2+ Kb8 0-1

[Event "Omis op"]
[Site "Omis"]
[Date "2007.10.06"]
[Round "4"]
[White "Zaper, Mirko"]
[Black "Sunara, Tomislav"]
[Result "1-0"]
[WhiteElo "2012"]
[BlackElo "1978"]
[PlyCount "37"]
[EventDate "2007.10.05"]
[EventType "swiss"]
[EventRounds "7"]
[EventCountry "CRO"]
[SourceTitle "CBM 120 Extra"]
[Source "ChessBase"]
[SourceDate "2007.11.01"]
[SourceVersion "1"]
[SourceVersionDate "2007.11.01"]
[SourceQuality "1"]

1. e4 c6 2. d4 d5 3. e5 Bf5 4. Bd3 Bg6 5. e6 Nf6 6. Bxg6 hxg6 7. Nf3 fxe6 8. Qd3 Ne4 9. Ne5 Na6 10. Qf3 Qa5+ 11. Bd2 Nxd2 12. Qf7+ Kd8 13. Nxd2 Kc7 14. Nxg6 Nb4 15. 0-0 Nxc2 16. Nb3 Qb4 17. Nxh8 Nxa1 18. Rxa1 g5 19. Ng6 1-0

[Event "Solin op"]
[Site "Solin"]
[Date "2007.01.27"]
[Round "8"]
[White "Vujcic, Toni"]
[Black "Zaper, Mirko"]
[Result "0-1"]
[WhiteElo "2142"]
[BlackElo "1957"]
[PlyCount "76"]
[EventDate "2007.01.20"]
[EventType "swiss"]
[EventRounds "9"]
[EventCountry "CRO"]
[SourceTitle "CBM 116 Extra"]
[Source "ChessBase"]
[SourceDate "2007.03.07"]
[SourceVersion "1"]
[SourceVersionDate "2007.03.07"]
[SourceQuality "1"]

1. e4 c5 2. Nf3 d6 3. Bb5+ Nd7 4. 0-0 a6 5. Be2 Ngf6 6. Nc3 b5 7. d4 b4 8. e5 bxc3 9. exf6 cxb2 10. fxg7 Bxg7 11. Bxb2 Rg8 12. Ng5 e6 13. Ne4 Nf6 14. Bf3 Rb8 15. Bc3 Nd5 16. Rb1 Rxb1 17. Qxb1 Nxc3 18. Nxc3 Bxd4 19. Na4 Bd7 20. Nb6 Bb5 21. c4 Qxb6 22. a4 h6 23. Re1 Ke7 24. Bd5 Qa5 25. axb5 axb5 26. cxb5 Qd2 27. Rf1 exd5 28. b6 Be5 29. Qb5 Qb4 30. Qc6 d4 31. f4 Bh8 32. Ra1 Ke6 33. Qe4+ Kf6 34. Ra7 Rf8 35. b7 Rb8 36. Ra6 Qxb7 37. Rxd6+ Kg7 38. Qe5+ Kg8 0-1

[Event "Solin op"]
[Site "Solin"]
[Date "2007.01.26"]
[Round "7"]
[White "Krnic, Ivan"]
[Black "Zaper, Mirko"]
[Result "1-0"]
[WhiteElo "2103"]
[BlackElo "1957"]
[PlyCount "83"]
[EventDate "2007.01.20"]
[EventType "swiss"]
[EventRounds "9"]
[EventCountry "CRO"]
[SourceTitle "CBM 116 Extra"]
[Source "ChessBase"]
[SourceDate "2007.03.07"]
[SourceVersion "1"]
[SourceVersionDate "2007.03.07"]
[SourceQuality "1"]

1. e4 c5 2. Nf3 d6 3. Nc3 Nc6 4. Bb5 Bd7 5. 0-0 e6 6. d4 cxd4 7. Nxd4 Nf6 8. Re1 Be7 9. Be3 0-0 10. h3 Qc7 11. Bf1 Rac8 12. f4 a6 13. Qf3 b5 14. Bd3 Na5 15. Nce2 Nc4 16. Bc1 g6 17. b3 Na5 18. c3 e5 19. Nc2 h5 20. Nb4 Nb7 21. Be3 Nc5 22. Bc2 Qb7 23. Bxc5 Rxc5 24. Nd3 Rcc8 25. Nb4 Qa7+ 26. Kh1 Kg7 27. f5 Ng4 28. Nd5 Nf2+ 29. Kh2 Ng4+ 30. hxg4 hxg4 31. f6+ Kh7 32. Kg3 Bd8 33. Rh1+ Kg8 34. Qd3 Be6 35. Raf1 Bxd5 36. exd5 Bb6 37. Kxg4 Qd7+ 38. Kg3 e4 39. Qxe4 Rfe8 40. Qh4 Re3+ 41. Rf3 Rxf3+ 42. gxf3 1-0

[Event "Solin op"]
[Site "Solin"]
[Date "2007.01.22"]
[Round "3"]
[White "Zaper, Mirko"]
[Black "Marinic Kragic, Miroslav"]
[Result "1-0"]
[WhiteElo "1957"]
[BlackElo "2057"]
[PlyCount "93"]
[EventDate "2007.01.20"]
[EventType "swiss"]
[EventRounds "9"]
[EventCountry "CRO"]
[SourceTitle "CBM 116 Extra"]
[Source "ChessBase"]
[SourceDate "2007.03.07"]
[SourceVersion "1"]
[SourceVersionDate "2007.03.07"]
[SourceQuality "1"]

1. e4 Nc6 2. Nf3 d5 3. exd5 Qxd5 4. Nc3 Qa5 5. Bb5 Bd7 6. 0-0 e6 7. d4 Bb4 8. d5 Bxc3 9. dxc6 bxc6 10. bxc3 cxb5 11. Ne5 Nf6 12. Bg5 Rd8 13. Qf3 Qa3 14. Rad1 Qe7 15. Rd4 h6 16. Bxf6 Qxf6 17. Qe4 Qf5 18. Qxf5 exf5 19. Rfd1 Ke7 20. Nxd7 f6 21. Nc5 Rd6 22. Nb7 Rxd4 23. Rxd4 Re8 24. Kf1 Rb8 25. Nc5 Ke8 26. Ke2 a5 27. a3 Rb6 28. Kd3 Rc6 29. Rd5 g6 30. Kd4 Ke7 31. f3 f4 32. Nb7 Rc4+ 33. Kd3 Ra4 34. Rxb5 Rxa3 35. Rxa5 Rxa5 36. Nxa5 f5 37. Kd4 Kd6 38. Nb3 g5 39. c4 h5 40. h3 Ke6 41. c5 g4 42. Nd2 c6 43. Nc4 Kf6 44. h4 Ke6 45. c3 Kf6 46. Na5 Ke6 47. Nxc6 1-0

[Event "Solin op"]
[Site "Solin"]
[Date "2007.01.20"]
[Round "1"]
[White "Zaper, Mirko"]
[Black "Ljubicic, Filip"]
[Result "0-1"]
[WhiteElo "1957"]
[BlackElo "2398"]
[PlyCount "120"]
[EventDate "2007.01.20"]
[EventType "swiss"]
[EventRounds "9"]
[EventCountry "CRO"]
[SourceTitle "CBM 116 Extra"]
[Source "ChessBase"]
[SourceDate "2007.03.07"]
[SourceVersion "1"]
[SourceVersionDate "2007.03.07"]
[SourceQuality "1"]

1. e4 c5 2. Nf3 e6 3. d4 cxd4 4. Nxd4 a6 5. Bd3 Bc5 6. Nb3 Ba7 7. c4 d6 8. 0-0 Nf6 9. Nc3 Nc6 10. Bg5 h6 11. Bd2 Ne5 12. Be2 Bd7 13. Bf4 Qc7 14. Rc1 Rd8 15. Qc2 0-0 16. Bg3 Qb8 17. Rfd1 Bc6 18. Nd4 Bc5 19. a3 Qa7 20. Nxc6 Nxc6 21. b4 Bd4 22. Bf3 Be5 23. Ne2 Bxg3 24. Nxg3 Nd4 25. Qc3 e5 26. Qd3 Rfe8 27. Ne2 Ne6 28. g3 Qb6 29. h3 Qc6 30. Bg2 Qb6 31. Bf3 Re7 32. Bg4 Qc6 33. Bxe6 fxe6 34. f3 Rf7 35. Kg2 Qa4 36. Rd2 Rdd7 37. Qe3 Qc6 38. Rcd1 Qc7 39. Qb3 Rf8 40. Rd3 Kh8 41. R3d2 Rc8 42. Rc1 Qd8 43. Qe3 Qe8 44. Rdc2 Qg6 45. Kh2 Rf8 46. Rd2 Nh7 47. h4 Qh5 48. Kg2 Nf6 49. Rcd1 Rfd8 50. Rc1 Qg6 51. Kh2 Rf7 52. Rcd1 Rdf8 53. Rxd6 Ne8 54. R6d3 Rxf3 55. Qxf3 Rxf3 56. Rxf3 Qxe4 57. Rf8+ Kh7 58. Re1 Nf6 59. Rxf6 gxf6 60. Kg1 Qe3+ 0-1

[Event "Omis op"]
[Site "Omis"]
[Date "2006.10.04"]
[Round "1"]
[White "Sutkovic, Damir"]
[Black "Zaper, Mirko"]
[Result "1-0"]
[WhiteElo "2311"]
[BlackElo "1955"]
[PlyCount "31"]
[EventDate "2006.10.04"]
[EventType "swiss"]
[EventRounds "7"]
[EventCountry "CRO"]
[SourceTitle "CBM 114 Extra"]
[Source "ChessBase"]
[SourceDate "2006.11.03"]
[SourceVersion "1"]
[SourceVersionDate "2006.11.03"]
[SourceQuality "1"]

1. d4 Nf6 2. c4 g6 3. Nc3 d5 4. Bg5 Ne4 5. Nxe4 dxe4 6. Qd2 Bg7 7. 0-0-0 b5 8. Bh6 Bxh6 9. Qxh6 bxc4 10. Qg7 Rf8 11. Qe5 Nc6 12. Qxe4 Nb4 13. Qxa8 Nxa2+ 14. Kd2 Nb4 15. e3 c5 16. Bxc4 1-0